Bronze 'bathtub' coffins in the context of 8th-6th century BC Babylonian, Assyrian and Elamite funerary practices /
This volume is dedicated to a small number of unique bronze 'bathtub' coffins found in 8th-6th century BC Babylonian, Assyrian and Elamite burial contexts. Usually treated as an incidental aspect of the burial process, these fascinating burial receptacles have until now garnered little in...
المؤلف الرئيسي:
التنسيق: كتاب الكتروني
اللغة: English
منشور في:
Oxford :
Archaeopress Publishing Ltd,
[2015]
سلاسل:
Archaeopress archaeology.
الموضوعات:
الوصول للمادة أونلاين: Login to view Source
الوسوم: إضافة وسم
رقم الطلب: GT3170 .W48 2015
| LEADER | 02123nam a2200397 i 4500 | ||
|---|---|---|---|
| 001 | EDZ0001352783 | ||
| 003 | StDuBDS | ||
| 005 | 20230412181613.0 | ||
| 006 | m|||||o||d|||||||| | ||
| 007 | cr ||||||||||| | ||
| 008 | 160314t20152015enka f b 000|0|eng|d | ||
| 020 | |a 9781784911751 (PDF ebook) : |c No price | ||
| 040 | |a StDuBDS |b eng |c StDuBDS |e rda |e pn | ||
| 050 | 0 | |a GT3170 |b .W48 2015 | |
| 082 | 0 | 4 | |a 939.4 |2 23 |
| 100 | 1 | |a Wicks, Yasmina, |e author. | |
| 245 | 1 | 0 | |a Bronze 'bathtub' coffins in the context of 8th-6th century BC Babylonian, Assyrian and Elamite funerary practices / |c Yasmina Wicks. |
| 264 | 1 | |a Oxford : |b Archaeopress Publishing Ltd, |c [2015] | |
| 264 | 4 | |c ©2015 | |
| 300 | |a 1 online resource : |b illustrations (black and white). | ||
| 336 | |a text |2 rdacontent | ||
| 336 | |a still image |2 rdacontent | ||
| 337 | |a computer |2 rdamedia | ||
| 338 | |a online resource |2 rdacarrier | ||
| 490 | 1 | |a Archaeopress archaeology | |
| 504 | |a Includes bibliographical references. | ||
| 520 | 8 | |a This volume is dedicated to a small number of unique bronze 'bathtub' coffins found in 8th-6th century BC Babylonian, Assyrian and Elamite burial contexts. Usually treated as an incidental aspect of the burial process, these fascinating burial receptacles have until now garnered little in the way of academic interest. Here the author takes the opportunity to further explore the coffins, drawing together the widely dispersed information on their archaeological contexts, investigating the method and place of their manufacture, and establishing a possible date range for their production and use. | |
| 521 | |a Specialized. | ||
| 588 | |a Description based on online resource; title from home page (viewed on March 9, 2016). | ||
| 650 | 0 | |a Funeral rites and ceremonies, Ancient. | |
| 776 | 0 | 8 | |i Print version : |z 9781784911744 |
| 830 | 0 | |a Archaeopress archaeology. | |
| 856 | 4 | 0 | |3 Archaeopress |u http://library.arce.org:8087/Archaeopress/Products/9781784911744 |
| 942 | |2 lcc |c EBOOK | ||
| 952 | |0 0 |1 0 |4 0 |6 GT3170 |7 1 |9 46083 |a ARCH |b ARCH |d 2023-04-12 |l 0 |o GT3170 |r 2023-04-12 00:00:00 |w 2023-04-12 |y EBOOK | ||
| 999 | |c 51741 |d 51741 | ||
